LEADER 01191nam0 22003131i 450 001 UON00186326 005 20231205103155.72 010 $a07-450-0724-4 100 $a20030730d1993 |0itac50 ba 101 $aeng 102 $aGB 105 $a|||| ||||| 200 1 $aComedy$ethe mastery of discourse$fSusan Purdie 210 $aNew York [etc.]$cHarvester Wheatscheaf$d1993 215 $a186 p.$d22 cm. 606 $aCOMMEDIA$3UONC038354$2FI 606 $aCOMICO NELLA LETTERATURA$3UONC046231$2FI 620 $aUS$dNew York$3UONL000050 676 $a808.2523$cRETORICA DELLA LETTERATURA DRAMMATICA. COMMEDIA.$v21 700 1$aPURDIE$bSusan$3UONV108342$0676374 712 $aHarvester Wheatsheaf$3UONV265637$4650 801 $aIT$bSOL$c20240220$gRICA 899 $aSIBA - SISTEMA BIBLIOTECARIO DI ATENEO$2UONSI 912 $aUON00186326 950 $aSIBA - SISTEMA BIBLIOTECARIO DI ATENEO$dSI Angl VII 0297 $eSI LO 53316 5 0297 966 $aCOMICO NELLA LETTERATURA$yCOMMEDIA$3UONC046231 966 $aCOMMEDIA$yCOMICO NELLA LETTERATURA$3UONC038354 996 $aComedy$91286387 997 $aUNIOR